000 00667nam a2200229Ia 4500
003 OSt
005 20220925203455.0
006 a|||||r|||| 00| 0
007 ta
008 220923b |||||||| |||| 00| 0 eng d
037 _cGeneral Book
040 _aRTL
_cRTL
_beng
041 _2eng
_aeng
082 _aX9:99T.3.N6, K7
100 _aBlaug Mark
_9127325
245 0 _aUtilization of educated manpower in industry
_b A p
260 _aEdinburgh
_bOliver & Boyd
_c1967
300 _aix,103p. Appendix p. 85-100
_ccm.
650 _aIndustrial Economy
942 _hX9:99T.3.N6, K7
_cGB
_2CC
999 _c546623
_d546623